Beyond the code (Record no. 79794)
[ view plain ]
| 000 -LEADER | |
|---|---|
| fixed length control field | 01127cab a22002295a 4500 |
| 001 - CONTROL NUMBER | |
| control field | L142369 |
| 008 - FIXED-LENGTH DATA ELEMENTS--GENERAL INFORMATION | |
| fixed length control field | 080211e20080131xxka f 000 0 eng d |
| 035 ## - SYSTEM CONTROL NUMBER | |
| System control number | (Sirsi) u142369 |
| 041 0# - LANGUAGE CODE | |
| Language code of text/sound track or separate title | eng |
| 100 1# - MAIN ENTRY--PERSONAL NAME | |
| Personal name | Hartman, Hattie |
| 245 00 - TITLE STATEMENT | |
| Title | Beyond the code |
| 260 ## - PUBLICATION, DISTRIBUTION, ETC. | |
| Date of publication, distribution, etc. | 2008 |
| 490 #0 - SERIES STATEMENT | |
| Series statement | Architects' Journal |
| Volume/sequential designation | 227(4) 31 January 2008, 40-41(2) |
| 520 ## - SUMMARY, ETC. | |
| Summary, etc. | Looks at the RuralZED house, a zero-carbon housing prototype that claims to meet the non-existent level seven of the Code for Sustainable Homes. RuralZED goes beyond code level six because the addition of a wind turbine means that the embodied energy in the materials and construction of the structure can be offset within three years. Briefly outlines the other energy saving features of the RuralZED house. |
| 590 ## - LOCAL NOTE (RLIN) | |
| Local note | KA |
| 650 24 - SUBJECT ADDED ENTRY--TOPICAL TERM | |
| Topical term or geographic name entry element | DCLG CODE FOR SUSTAINABLE HOMES |
| 650 24 - SUBJECT ADDED ENTRY--TOPICAL TERM | |
| Topical term or geographic name entry element | RURALZED |
| 651 #4 - SUBJECT ADDED ENTRY--GEOGRAPHIC NAME | |
| Geographic name | United Kingdom |
| Chronological subdivision | |
| 690 ## - LOCAL SUBJECT ADDED ENTRY--TOPICAL TERM (OCLC, RLIN) | |
| Topical term or geographic name as entry element | BUILT ENVIRONMENT-SUSTAINABLE CONSTRUCTION |
| 856 48 - ELECTRONIC LOCATION AND ACCESS | |
| Uniform Resource Identifier | <a href="https://www.architectsjournal.co.uk/beyond-the-code/572780.article">https://www.architectsjournal.co.uk/beyond-the-code/572780.article</a> |
| Public note | View this item for free online at www.architectsjournal.co.uk (limited access). |
| 942 ## - ADDED ENTRY ELEMENTS (KOHA) | |
| Suppress in OPAC | 0 |
| Withdrawn status | Lost status | Source of classification or shelving scheme | Damaged status | Not for loan | Home library | Current library | Shelving location | Date acquired | Total Checkouts | Full call number | Barcode | Date last seen | Copy number | Price effective from | Koha item type |
|---|---|---|---|---|---|---|---|---|---|---|---|---|---|---|---|
| Dewey Decimal Classification | Virtual | Virtual | Online | 11/02/2008 | L142369 | 142369-2001 | 06/08/2019 | 1 | 06/08/2019 | Journal article |